[Event "FRA-chT Top 16 Gp Basse"]
[Site "Chartres"]
[Date "2023.06.11"]
[Round "4.4"]
[White "Picard, Romain"]
[Black "Fedoseev, Vladimir1111"]
[Result "0-1"]
[WhiteElo "2301"]
[BlackElo "2676"]
[PlyCount "40"]
[EventDate "2023.06.08"]
[EventType "team-tourn"]
[EventRounds "4"]
[EventCountry "FRA"]
[SourceTitle "CBM 214 Extra"]
[Source "ChessBase"]
[SourceDate "2023.07.31"]
[SourceVersion "1"]
[SourceVersionDate "2023.07.31"]
[SourceQuality "1"]
[WhiteTeam "Poitiers Migne"]
[BlackTeam "Cappelle la Grande"]
[WhiteTeamCountry "FRA"]
[BlackTeamCountry "FRA"]

1. e4 c5 2. Nf3 e6 3. c3 d5 4. exd5 Qxd5 5. d4 Nf6 6. Na3 a6 7. Be2 cxd4 8. Nc4 dxc3 9. Qb3 Bc5 10. a4 0-0 11. 0-0 Nc6 12. bxc3 Qd8 13. a5 Nd5 14. Rd1 Qc7 15. Bg5 h6 16. Bh4 f5 17. Ra4 g5 18. Rxd5 exd5 19. Nb6 Bxb6 20. axb6 Qe7 0-1

[Event "San Sebastian op 43rd"]
[Site "San Sebastian"]
[Date "2023.04.07"]
[Round "8"]
[White "Narciso Dublan, Marc"]
[Black "Picard, Romain"]
[Result "1-0"]
[WhiteElo "2429"]
[BlackElo "2308"]
[PlyCount "83"]
[EventDate "2023.04.01"]
[EventType "swiss"]
[EventRounds "9"]
[EventCountry "ESP"]
[SourceTitle "CBM 213 Extra"]
[Source "ChessBase"]
[SourceDate "2023.05.31"]
[SourceVersion "1"]
[SourceVersionDate "2023.05.31"]
[SourceQuality "1"]

1. e4 e6 2. d4 d5 3. Nd2 c5 4. Ngf3 cxd4 5. Nxd4 Nc6 6. Nxc6 bxc6 7. Bd3 Nf6 8. 0-0 Bd6 9. f4 dxe4 10. Nxe4 Nxe4 11. Bxe4 0-0 12. Be3 Ba6 13. Rf2 Qc7 14. Qf3 Rab8 15. c3 c5 16. Rd1 f5 17. Bd3 Bb7 18. Qg3 Rf6 19. Bc4 Rg6 20. Qh3 Rf8 21. Qh5 Qc6 22. Qe2 Rff6 23. Qd2 Rg4 24. Qxd6 Rxg2+ 25. Kf1 Rxf2+ 26. Bxf2 Qh1+ 27. Ke2 Bf3+ 28. Ke3 Qxd1 29. Bxe6+ Rxe6+ 30. Qxe6+ Kf8 31. Qxf5+ Ke8 32. Qd3 Qh1 33. Qb5+ Kf7 34. Qxc5 h6 35. Qxa7+ Kg8 36. c4 Bc6 37. Qd4 Qc1+ 38. Kd3 Qb1+ 39. Kc3 Qxa2 40. Qa7 Qb1 41. Bd4 Qg6 42. b4 1-0

[Event "San Sebastian op 43rd"]
[Site "San Sebastian"]
[Date "2023.04.04"]
[Round "5"]
[White "Picard, Romain"]
[Black "Ramirez Garrastacho, Manuel"]
[Result "1-0"]
[WhiteElo "2308"]
[BlackElo "2092"]
[PlyCount "70"]
[EventDate "2023.04.01"]
[EventType "swiss"]
[EventRounds "9"]
[EventCountry "ESP"]
[SourceTitle "CBM 213 Extra"]
[Source "ChessBase"]
[SourceDate "2023.05.31"]
[SourceVersion "1"]
[SourceVersionDate "2023.05.31"]
[SourceQuality "1"]

1. d4 d5 2. Nf3 Nf6 3. g3 e6 4. Bg2 Bd6 5. 0-0 0-0 6. c4 c6 7. Nc3 Nbd7 8. Nd2 Bc7 9. e4 dxc4 10. Nxc4 e5 11. d5 Nb6 12. Ne3 Qe7 13. Qe2 Bd6 14. Rd1 Rd8 15. b3 Bc5 16. Bd2 cxd5 17. exd5 e4 18. Rac1 Bxe3 19. Bxe3 Bf5 20. Qb5 Qd7 21. g4 Bg6 22. d6 h6 23. Qb4 Rac8 24. Rd4 Rc6 25. Rcd1 Nc8 26. Bf1 a6 27. Bf4 Rb6 28. Qa3 Ne8 29. Na4 Rc6 30. Nc5 Rxc5 31. Qxc5 f5 32. g5 h5 33. Bc4+ Bf7 34. Bxf7+ Kxf7 35. Qd5+ Kf8 1-0

[Event "Titled Tuesday intern op 21st Mar Late"]
[Site "Chess.com INT"]
[Date "2023.03.21"]
[Round "7"]
[White "Picard, Romain"]
[Black "Clawitter, Craig"]
[Result "1-0"]
[WhiteElo "2306"]
[BlackElo "2050"]
[PlyCount "65"]
[EventDate "2023.03.21"]
[EventType "swiss (blitz)"]
[EventRounds "11"]
[EventCountry "USA"]
[SourceTitle "EXT 2024"]
[Source "ChessBase"]
[SourceDate "2023.10.10"]
[SourceVersion "1"]
[SourceVersionDate "2023.10.10"]
[SourceQuality "1"]

1. e4 e6 2. d4 d5 3. Nd2 Be7 4. e5 c5 5. c3 cxd4 6. cxd4 Nh6 7. Bd3 Nc6 8. Ne2 Nf5 9. Nf3 0-0 10. 0-0 Nh4 11. Nxh4 Bxh4 12. Be3 Be7 13. a3 f6 14. f4 Bd7 15. b3 Be8 16. Ng3 Bg6 17. Bxg6 hxg6 18. Qg4 Kf7 19. Nh1 Qb6 20. Qd1 Na5 21. Rb1 Bxa3 22. g4 Rac8 23. f5 fxe5 24. fxg6+ Kxg6 25. Ng3 Kh7 26. g5 exd4 27. Qh5+ Kg8 28. g6 Rf6 29. Qh7+ Kf8 30. Rxf6+ Ke7 31. Qxg7+ Kd6 32. Nf5+ Kc6 33. Rxe6+ 1-0

[Event "Titled Tuesday intern op 26th Jan"]
[Site "Chess.com INT"]
[Date "2021.01.26"]
[Round "9"]
[White "Picard, Romain"]
[Black "Ezat, Mohamed Mahmoud"]
[Result "0-1"]
[WhiteElo "2296"]
[BlackElo "2404"]
[PlyCount "28"]
[EventDate "2021.01.26"]
[EventType "swiss (blitz)"]
[EventRounds "11"]
[EventCountry "USA"]
[SourceTitle "CBM 200 Extra"]
[Source "ChessBase"]
[SourceDate "2021.03.31"]
[SourceVersion "1"]
[SourceVersionDate "2021.03.31"]
[SourceQuality "1"]

1. e4 e5 2. Bc4 Nf6 3. d3 c6 4. Nf3 d5 5. Bb3 Nbd7 6. 0-0 h6 7. exd5 cxd5 8. Re1 Bd6 9. Nxe5 Nxe5 10. d4 Bg4 11. f3 0-0 12. dxe5 Bc5+ 13. Kh1 Ne4 14. Qe2 Qh4 0-1

[Event "Titled Tuesday intern op 29th Dec"]
[Site "Chess.com INT"]
[Date "2020.12.29"]
[Round "5"]
[White "Arabidze, Meri"]
[Black "Picard, Romain"]
[Result "1-0"]
[WhiteElo "2437"]
[BlackElo "2296"]
[PlyCount "71"]
[EventDate "2020.12.29"]
[EventType "swiss (blitz)"]
[EventRounds "11"]
[EventCountry "USA"]
[SourceTitle "CBM 200 Extra"]
[Source "ChessBase"]
[SourceDate "2021.03.31"]
[SourceVersion "1"]
[SourceVersionDate "2021.03.31"]
[SourceQuality "1"]

1. Nf3 Nf6 2. c4 b6 3. d4 Bb7 4. Nc3 e6 5. e3 d5 6. cxd5 exd5 7. Bd3 Bd6 8. 0-0 0-0 9. a3 Nbd7 10. b4 a6 11. Qb3 Re8 12. b5 axb5 13. Nxb5 Bf8 14. a4 c5 15. Bf5 Ne4 16. Ba3 Ndf6 17. dxc5 bxc5 18. Rfd1 Qa5 19. Bb2 Rad8 20. Be5 Rc8 21. Bxc8 Bxc8 22. Bc7 Qa8 23. Bf4 Qa5 24. Nc7 Rd8 25. h3 h6 26. Nb5 Be6 27. Bc7 Qa8 28. Bxd8 Qxd8 29. Qb2 Qc8 30. Qe5 Bxh3 31. Qh2 Bg4 32. Ne5 Qf5 33. Nxg4 Nxg4 34. Qf4 Qh5 35. f3 Nef2 36. fxg4 1-0

[Event "Titled Tuesday intern op 29th Dec"]
[Site "Chess.com INT"]
[Date "2020.12.29"]
[Round "7"]
[White "Picard, Romain"]
[Black "Kononenko, Dmitry1111"]
[Result "0-1"]
[WhiteElo "2296"]
[BlackElo "2322"]
[PlyCount "86"]
[EventDate "2020.12.29"]
[EventType "swiss (blitz)"]
[EventRounds "11"]
[EventCountry "USA"]
[SourceTitle "CBM 200 Extra"]
[Source "ChessBase"]
[SourceDate "2021.03.31"]
[SourceVersion "1"]
[SourceVersionDate "2021.03.31"]
[SourceQuality "1"]

1. e4 c6 2. Nf3 d5 3. Nc3 Bg4 4. d4 dxe4 5. Nxe4 Nd7 6. h3 Bxf3 7. Qxf3 Ngf6 8. c3 e5 9. Nxf6+ Qxf6 10. Qxf6 gxf6 11. Be3 h5 12. 0-0-0 Bh6 13. Kc2 h4 14. Be2 Ke7 15. Bg4 Bxe3 16. fxe3 Nb6 17. Rhf1 Rad8 18. Rde1 Rd6 19. Rf5 Nd7 20. Ref1 c5 21. R5f3 Rd8 22. Bxd7 R8xd7 23. dxe5 Rd2+ 24. Kb3 Rxg2 25. exf6+ Ke6 26. R1f2 Rd2 27. Rxd2 Rxd2 28. Rf4 Rd3 29. Rxh4 Rxe3 30. Kc4 b6 31. a4 Kxf6 32. Kb5 Re7 33. Rg4 Ke5 34. h4 f5 35. Rg1 Rf7 36. h5 f4 37. h6 Rh7 38. Rh1 f3 39. Kc4 Ke4 40. Rh4+ Ke3 41. Kd5 f2 42. Rh1 Rxh6 43. Rxh6 f1Q 0-1

[Event "Titled Tuesday intern op 29th Dec"]
[Site "Chess.com INT"]
[Date "2020.12.29"]
[Round "4"]
[White "Picard, Romain"]
[Black "Mindlin, Alon"]
[Result "0-1"]
[WhiteElo "2296"]
[BlackElo "2430"]
[PlyCount "80"]
[EventDate "2020.12.29"]
[EventType "swiss (blitz)"]
[EventRounds "11"]
[EventCountry "USA"]
[SourceTitle "CBM 200 Extra"]
[Source "ChessBase"]
[SourceDate "2021.03.31"]
[SourceVersion "1"]
[SourceVersionDate "2021.03.31"]
[SourceQuality "1"]

1. e4 e5 2. Nf3 Nc6 3. Bc4 Nf6 4. d3 Be7 5. 0-0 d6 6. a4 0-0 7. Re1 Be6 8. Nbd2 h6 9. c3 Re8 10. b4 Bf8 11. b5 Na5 12. Bxe6 Rxe6 13. c4 c5 14. Nf1 g6 15. Bd2 a6 16. Re2 Nh5 17. g3 Rf6 18. Nh4 Re6 19. Ng2 Nf6 20. Bc3 h5 21. Rb2 Bh6 22. Qe1 b6 23. Bxa5 bxa5 24. b6 Nd7 25. Qxa5 Rb8 26. Qxa6 Rxb6 27. Rxb6 Nxb6 28. Nfe3 d5 29. cxd5 Nxd5 30. Qc4 Nb4 31. a5 Nxd3 32. a6 Nxf2 33. Kxf2 Qd2+ 34. Qe2 Rf6+ 35. Nf4 Qd4 36. a7 Qxa1 37. Qb5 exf4 38. Qb8+ Kh7 39. a8Q fxe3+ 40. Ke2 Qf1# 0-1

[Event "Titled Tuesday intern op 29th Dec"]
[Site "Chess.com INT"]
[Date "2020.12.29"]
[Round "3"]
[White "Picard, Romain"]
[Black "Sapunov, Evgeny"]
[Result "1/2-1/2"]
[WhiteElo "2296"]
[BlackElo "2461"]
[PlyCount "78"]
[EventDate "2020.12.29"]
[EventType "swiss (blitz)"]
[EventRounds "11"]
[EventCountry "USA"]
[SourceTitle "CBM 200 Extra"]
[Source "ChessBase"]
[SourceDate "2021.03.31"]
[SourceVersion "1"]
[SourceVersionDate "2021.03.31"]
[SourceQuality "1"]

1. e4 c5 2. Nf3 d6 3. Bb5+ Nd7 4. Ba4 Ngf6 5. c4 e5 6. Nc3 Be7 7. 0-0 0-0 8. Bxd7 Bxd7 9. Ne1 a6 10. a4 b6 11. Nc2 Bc6 12. d3 Ne8 13. b4 Nc7 14. f4 exf4 15. Bxf4 Bf6 16. Qd2 a5 17. b5 Bb7 18. Ne3 Ne6 19. Kh1 Nxf4 20. Rxf4 Be5 21. Rf3 g6 22. Raf1 h5 23. Ncd5 Kg7 24. Qf2 Bxd5 25. Nxd5 Ra7 26. Qe2 Qh4 27. Rh3 Qd8 28. Rf2 Rb7 29. Qf1 Qg5 30. Rhf3 Qd8 31. Nf6 Qe7 32. Nd5 Qd8 33. Qe2 Qg5 34. Rf1 h4 35. Rh3 Rh8 36. Ne3 Bd4 37. Nd5 Be5 38. Ne3 Bd4 39. Nd5 Be5 1/2-1/2

[Event "EU-ch rapid"]
[Site "Tallinn"]
[Date "2019.12.05"]
[Round "3"]
[White "Ziska, Helgi Dam"]
[Black "Picard, Romain"]
[Result "1-0"]
[WhiteElo "2646"]
[BlackElo "2296"]
[PlyCount "57"]
[EventDate "2019.12.05"]
[EventType "swiss"]
[EventRounds "13"]
[EventCountry "EST"]
[SourceTitle "CBM 193 Extra"]
[Source "ChessBase"]
[SourceDate "2020.01.31"]
[SourceVersion "1"]
[SourceVersionDate "2020.01.31"]
[SourceQuality "1"]

1. e4 e5 2. Nf3 d6 3. d4 exd4 4. Nxd4 Nf6 5. Nc3 Be7 6. g3 a5 7. Bg2 a4 8. 0-0 0-0 9. Re1 Re8 10. h3 Bf8 11. Bf4 Nbd7 12. Ndb5 Ne5 13. Qd4 c6 14. Rad1 Qa5 15. Nxd6 Bxd6 16. Qxd6 Nc4 17. Qd4 Nxb2 18. Rb1 Rd8 19. Nd5 cxd5 20. e5 Re8 21. Bd2 Qd8 22. exf6 Nc4 23. Bc3 Bf5 24. Rxe8+ Qxe8 25. Bxd5 Na3 26. Rxb7 Bg6 27. Re7 Qc8 28. Bxa8 Qxa8 29. Rd7 1-0

[Event "EU-ch rapid"]
[Site "Tallinn"]
[Date "2016.12.15"]
[Round "4"]
[White "Potapov, Pavel"]
[Black "Picard, Romain"]
[Result "1-0"]
[WhiteElo "2493"]
[BlackElo "2338"]
[PlyCount "111"]
[EventDate "2016.12.15"]
[EventType "swiss (rapid)"]
[EventRounds "11"]
[EventCountry "EST"]
[SourceTitle "CBM 176 Extra"]
[Source "ChessBase"]
[SourceDate "2017.03.02"]
[SourceVersion "1"]
[SourceVersionDate "2017.03.02"]
[SourceQuality "1"]

1. e4 e5 2. Nf3 d6 3. d4 exd4 4. Nxd4 Nf6 5. Nc3 Be7 6. g3 a5 7. Bg2 a4 8. 0-0 0-0 9. h3 Re8 10. Re1 Bf8 11. Be3 c6 12. f4 Qa5 13. a3 Nbd7 14. Bf2 Nb6 15. Qd3 Nfd7 16. b4 axb3 17. cxb3 Qa6 18. Qc2 Nc5 19. Bf1 Qa7 20. a4 Qb8 21. b4 Na6 22. b5 cxb5 23. Ndxb5 Nd7 24. Nd5 Rd8 25. a5 Ndc5 26. Nb6 Be6 27. Nxa8 Qxa8 28. Nd4 Bd7 29. Kh2 Re8 30. Nb5 Bc6 31. Nc3 Nb4 32. Qb1 Nba6 33. Bc4 Qc8 34. Nd5 Qd7 35. Ra2 Be7 36. Rd2 Bd8 37. Ra2 Rf8 38. Bd4 Kh8 39. Nb6 Bxb6 40. axb6 f6 41. Rd2 Qe7 42. Bd5 Qd7 43. Rde2 h6 44. Bxc6 Qxc6 45. e5 fxe5 46. fxe5 dxe5 47. Bxe5 Nd7 48. Bd4 Nf6 49. Rf1 Nc5 50. Rc1 Nfd7 51. Bxc5 Nxc5 52. Qc2 Qf3 53. Rg1 Nd3 54. Rgg2 Rf6 55. Re8+ Kh7 56. Rd8 1-0

[Event "Aegean op 39th"]
[Site "Aghios Kirykos"]
[Date "2016.07.16"]
[Round "8"]
[White "Kharitonov, Alexandr"]
[Black "Picard, Romain"]
[Result "1/2-1/2"]
[WhiteElo "2558"]
[BlackElo "2323"]
[PlyCount "55"]
[EventDate "2016.07.11"]
[EventType "swiss"]
[EventRounds "9"]
[EventCountry "GRE"]
[SourceTitle "CBM 173 Extra"]
[Source "ChessBase"]
[SourceDate "2016.08.29"]
[SourceVersion "1"]
[SourceVersionDate "2016.08.29"]
[SourceQuality "1"]

1. d4 Nf6 2. c4 c5 3. d5 b5 4. cxb5 a6 5. bxa6 g6 6. Nc3 Bg7 7. e4 0-0 8. Be2 Qa5 9. Bd2 Bxa6 10. e5 Ne8 11. Nf3 d6 12. e6 f5 13. h4 Bxe2 14. Qxe2 Nf6 15. h5 Nxh5 16. Rxh5 gxh5 17. Ng5 h6 18. Nf7 Qb4 19. Nxh6+ Bxh6 20. Bxh6 Qg4 21. Bxf8 Kxf8 22. Qxg4 hxg4 23. Kd2 Na6 24. b3 Rb8 25. g3 Kg7 26. Ke3 Rb4 27. Rd1 Nc7 28. Rd3 1/2-1/2

[Event "Aegean op 39th"]
[Site "Aghios Kirykos"]
[Date "2016.07.15"]
[Round "7"]
[White "Lekic, Dusan"]
[Black "Picard, Romain"]
[Result "1-0"]
[WhiteElo "2374"]
[BlackElo "2323"]
[PlyCount "63"]
[EventDate "2016.07.11"]
[EventType "swiss"]
[EventRounds "9"]
[EventCountry "GRE"]
[SourceTitle "CBM 173 Extra"]
[Source "ChessBase"]
[SourceDate "2016.08.29"]
[SourceVersion "1"]
[SourceVersionDate "2016.08.29"]
[SourceQuality "1"]

1. d4 Nf6 2. c4 g6 3. Nf3 Bg7 4. Nc3 d5 5. Qb3 dxc4 6. Qxc4 0-0 7. e4 Be6 8. Qe2 c5 9. d5 Bc8 10. Bg5 Qa5 11. Nd2 e6 12. Nc4 Qa6 13. Ne3 exd5 14. Qxa6 Nxa6 15. Nexd5 Nxd5 16. Nxd5 f5 17. Bc4 Kh8 18. Be7 Rf7 19. 0-0-0 Be6 20. Bd6 fxe4 21. Bxa6 Bxd5 22. Rxd5 bxa6 23. Bxc5 Rc8 24. Kb1 Rb8 25. b3 a5 26. Rhd1 Bf6 27. Rd7 Rxd7 28. Rxd7 a4 29. Bxa7 Rb5 30. Kc2 axb3+ 31. axb3 Ra5 32. b4 1-0

[Event "Paris-ch op 90th"]
[Site "Paris"]
[Date "2015.07.10"]
[Round "7"]
[White "Picard, Romain"]
[Black "Gantner, Ludovic"]
[Result "1/2-1/2"]
[WhiteElo "2350"]
[BlackElo "2213"]
[PlyCount "38"]
[EventDate "2015.07.04"]
[EventType "swiss"]
[EventRounds "9"]
[EventCountry "FRA"]
[SourceTitle "CBM 167 Extra"]
[Source "ChessBase"]
[SourceDate "2015.09.14"]
[SourceVersion "1"]
[SourceVersionDate "2015.09.14"]
[SourceQuality "1"]

1. e4 e5 2. Nf3 Nc6 3. Bc4 Nf6 4. d3 Be7 5. 0-0 d6 6. Bb3 0-0 7. c3 Na5 8. Bc2 c5 9. a3 Nc6 10. b4 cxb4 11. axb4 Qc7 12. Re1 Bg4 13. Nbd2 b5 14. h3 Bh5 15. Rb1 d5 16. g4 dxe4 17. dxe4 Bg6 18. Nf1 a5 19. bxa5 Qxa5 1/2-1/2

[Event "Paris-ch op 90th"]
[Site "Paris"]
[Date "2015.07.09"]
[Round "6"]
[White "Picard, Romain"]
[Black "Maleki, Manuel"]
[Result "0-1"]
[WhiteElo "2350"]
[BlackElo "2235"]
[PlyCount "58"]
[EventDate "2015.07.04"]
[EventType "swiss"]
[EventRounds "9"]
[EventCountry "FRA"]
[SourceTitle "CBM 167 Extra"]
[Source "ChessBase"]
[SourceDate "2015.09.14"]
[SourceVersion "1"]
[SourceVersionDate "2015.09.14"]
[SourceQuality "1"]

1. e4 c5 2. Nf3 e6 3. d4 cxd4 4. Nxd4 a6 5. Be2 Qc7 6. 0-0 d6 7. a4 b6 8. f4 Bb7 9. Bf3 Nd7 10. Kh1 Ngf6 11. Nc3 Be7 12. Qe2 h5 13. Be3 g6 14. Rad1 Rc8 15. Bg1 Qb8 16. e5 dxe5 17. fxe5 Ng4 18. Bxb7 Qxb7 19. Nf3 0-0 20. Bd4 Nh6 21. Ne4 Nf5 22. Bc3 h4 23. Nd6 Bxd6 24. exd6 h3 25. gxh3 b5 26. axb5 axb5 27. Qg2 b4 28. Bd4 e5 29. Bg1 Kg7 0-1

[Event "Paris-ch op 90th"]
[Site "Paris"]
[Date "2015.07.04"]
[Round "1"]
[White "Picard, Romain"]
[Black "Veys, Vincent"]
[Result "1/2-1/2"]
[WhiteElo "2350"]
[BlackElo "2375"]
[PlyCount "25"]
[EventDate "2015.07.04"]
[EventType "swiss"]
[EventRounds "9"]
[EventCountry "FRA"]
[SourceTitle "CBM 167 Extra"]
[Source "ChessBase"]
[SourceDate "2015.09.14"]
[SourceVersion "1"]
[SourceVersionDate "2015.09.14"]
[SourceQuality "1"]

1. e4 e5 2. Nf3 Nc6 3. Bc4 Nf6 4. d3 Be7 5. 0-0 0-0 6. Re1 d6 7. a4 Na5 8. Ba2 c5 9. c3 Nc6 10. Na3 Be6 11. Nc4 h6 12. Ne3 Rc8 13. h3 1/2-1/2

[Event "Lisbon Christmas op"]
[Site "Lisbon"]
[Date "2014.12.30"]
[Round "9"]
[White "Amaro, Cristiano Guilherme"]
[Black "Picard, Romain"]
[Result "0-1"]
[WhiteElo "1936"]
[BlackElo "2363"]
[PlyCount "34"]
[EventDate "2014.12.26"]
[EventType "swiss"]
[EventRounds "9"]
[EventCountry "POR"]
[SourceTitle "CBM 164 Extra"]
[Source "ChessBase"]
[SourceDate "2015.03.02"]
[SourceVersion "1"]
[SourceVersionDate "2015.03.02"]
[SourceQuality "1"]

1. e4 e5 2. Nf3 d6 3. d4 exd4 4. Nxd4 Nf6 5. Nc3 Be7 6. Bf4 0-0 7. Qd2 d5 8. e5 Nh5 9. Be3 c5 10. Nb3 d4 11. Qe2 dxe3 12. Qxh5 exf2+ 13. Kxf2 Be6 14. Rd1 Qb6 15. Qf3 c4+ 16. Nd4 Bc5 17. Nce2 f6 0-1

[Event "Lisbon Christmas op"]
[Site "Lisbon"]
[Date "2014.12.29"]
[Round "6"]
[White "Picard, Romain"]
[Black "Dias, Ricardo Pedro Cruz"]
[Result "1-0"]
[WhiteElo "2363"]
[BlackElo "1617"]
[PlyCount "84"]
[EventDate "2014.12.26"]
[EventType "swiss"]
[EventRounds "9"]
[EventCountry "POR"]
[SourceTitle "CBM 164 Extra"]
[Source "ChessBase"]
[SourceDate "2015.03.02"]
[SourceVersion "1"]
[SourceVersionDate "2015.03.02"]
[SourceQuality "1"]

1. Nf3 Nf6 2. c4 g6 3. g3 Bg7 4. Bg2 0-0 5. 0-0 c5 6. Nc3 Nc6 7. d4 cxd4 8. Nxd4 a6 9. h3 Qc7 10. Be3 d6 11. Rc1 Nxd4 12. Bxd4 Be6 13. b3 Rac8 14. Kh2 Nd7 15. Bxg7 Kxg7 16. f4 Nf6 17. Qd4 Kg8 18. Qe3 Rfe8 19. Qd2 Bd7 20. e4 Bc6 21. Rfe1 Qa5 22. e5 dxe5 23. fxe5 Nh5 24. Qf2 Bxg2 25. Kxg2 Qc5 26. Qxc5 Rxc5 27. Na4 Rcc8 28. Red1 Red8 29. c5 Kf8 30. Nb6 Rxd1 31. Rxd1 Rc7 32. Rd8+ Kg7 33. b4 e6 34. Nc4 Kh6 35. Rb8 f6 36. Nd6 fxe5 37. Rxb7 Rxb7 38. Nxb7 Nf6 39. c6 Nd5 40. Nc5 Nc7 41. Nxa6 Nxa6 42. b5 Nb8 1-0

[Event "Lisbon Christmas op"]
[Site "Lisbon"]
[Date "2014.12.28"]
[Round "5"]
[White "Collins, Sam E"]
[Black "Picard, Romain"]
[Result "1/2-1/2"]
[WhiteElo "2490"]
[BlackElo "2363"]
[PlyCount "32"]
[EventDate "2014.12.26"]
[EventType "swiss"]
[EventRounds "9"]
[EventCountry "POR"]
[SourceTitle "CBM 164 Extra"]
[Source "ChessBase"]
[SourceDate "2015.03.02"]
[SourceVersion "1"]
[SourceVersionDate "2015.03.02"]
[SourceQuality "1"]

1. g3 d5 2. Nf3 Nf6 3. Bg2 g6 4. 0-0 Bg7 5. c4 dxc4 6. Qa4+ Nfd7 7. Qxc4 0-0 8. d3 h6 9. Nbd2 Nc6 10. a3 e5 11. Qc2 Re8 12. e3 a5 13. Rd1 Qe7 14. Ne4 Kh7 15. h3 a4 16. Bd2 f5 1/2-1/2

[Event "Lisbon Christmas op"]
[Site "Lisbon"]
[Date "2014.12.28"]
[Round "4"]
[White "Picard, Romain"]
[Black "Dias, Ivo Rodrigues"]
[Result "1-0"]
[WhiteElo "2363"]
[BlackElo "2175"]
[PlyCount "53"]
[EventDate "2014.12.26"]
[EventType "swiss"]
[EventRounds "9"]
[EventCountry "POR"]
[SourceTitle "CBM 164 Extra"]
[Source "ChessBase"]
[SourceDate "2015.03.02"]
[SourceVersion "1"]
[SourceVersionDate "2015.03.02"]
[SourceQuality "1"]

1. e4 e5 2. Bc4 Nf6 3. d3 Nc6 4. Nf3 Bc5 5. c3 a6 6. 0-0 Ba7 7. h3 d6 8. Bb3 h6 9. Be3 0-0 10. Nbd2 Re8 11. Re1 Be6 12. Bc2 d5 13. exd5 Bxd5 14. Bxa7 Rxa7 15. Re3 Ra8 16. Qe2 Qd6 17. Re1 Nd7 18. d4 f6 19. Nh4 Bf7 20. Nf5 Qf8 21. Nxg7 Kxg7 22. Qg4+ Kh8 23. Qxd7 exd4 24. cxd4 Rad8 25. Rxe8 Rxe8 26. Rxe8 Qxe8 27. Qf5 1-0

[Event "Lisbon Christmas op"]
[Site "Lisbon"]
[Date "2014.12.27"]
[Round "2"]
[White "Picard, Romain"]
[Black "Can, Emre"]
[Result "1/2-1/2"]
[WhiteElo "2363"]
[BlackElo "2556"]
[PlyCount "67"]
[EventDate "2014.12.26"]
[EventType "swiss"]
[EventRounds "9"]
[EventCountry "POR"]
[SourceTitle "CBM 164 Extra"]
[Source "ChessBase"]
[SourceDate "2015.03.02"]
[SourceVersion "1"]
[SourceVersionDate "2015.03.02"]
[SourceQuality "1"]

1. Nf3 Nf6 2. b3 g6 3. Bb2 Bg7 4. c4 0-0 5. g3 d6 6. d4 Nbd7 7. Bg2 e5 8. e3 exd4 9. Nxd4 Nc5 10. Nc3 Bg4 11. Qc2 Qc8 12. h3 Bd7 13. Nd5 Nxd5 14. cxd5 a5 15. Kf1 c6 16. dxc6 bxc6 17. Kg1 a4 18. Kh2 Qb7 19. Rhb1 Ra6 20. b4 Qxb4 21. Nxc6 Bxc6 22. Bxg7 Qxb1 23. Rxb1 Kxg7 24. Qc3+ Kg8 25. Bxc6 Rxc6 26. Qc4 Rfc8 27. Qd5 a3 28. Rb8 Rxb8 29. Qxc6 Rb2 30. Qa8+ Kg7 31. Qxa3 Rxf2+ 32. Kg1 Rc2 33. Qa7 h5 34. Qa8 1/2-1/2

[Event "Haarlem BDO-A 10th"]
[Site "Haarlem"]
[Date "2014.10.19"]
[Round "9"]
[White "Kuzmicz, Krystian"]
[Black "Picard, Romain"]
[Result "1-0"]
[WhiteElo "2457"]
[BlackElo "2374"]
[PlyCount "69"]
[EventDate "2014.10.11"]
[EventType "tourn"]
[EventRounds "9"]
[EventCountry "NED"]
[EventCategory "10"]
[SourceTitle "EXT 2015"]
[Source "ChessBase"]
[SourceDate "2014.11.20"]
[SourceVersion "1"]
[SourceVersionDate "2014.11.20"]
[SourceQuality "1"]

1. Nf3 Nf6 2. c4 g6 3. Nc3 d5 4. cxd5 Nxd5 5. Qb3 Nb6 6. d4 Bg7 7. e4 0-0 8. Be3 Nc6 9. 0-0-0 Bg4 10. d5 Ne5 11. Be2 Bxf3 12. gxf3 a5 13. f4 a4 14. Qb4 Ned7 15. e5 c6 16. Kb1 a3 17. b3 c5 18. Qb5 Qc7 19. h4 h5 20. Rhg1 Rfd8 21. d6 exd6 22. Rxd6 Nc8 23. Rdd1 Ne7 24. Bf3 Nxe5 25. fxe5 Qxe5 26. Rc1 Rac8 27. Qc4 Rd4 28. Rg5 Qb8 29. Qe2 Rxh4 30. Qc2 c4 31. b4 Nf5 32. Rxf5 gxf5 33. Qxf5 Re8 34. Rg1 Kh8 35. Rxg7 1-0

[Event "Haarlem BDO-A 10th"]
[Site "Haarlem"]
[Date "2014.10.18"]
[Round "8"]
[White "Picard, Romain"]
[Black "Nijboer, Friso"]
[Result "0-1"]
[WhiteElo "2374"]
[BlackElo "2531"]
[PlyCount "76"]
[EventDate "2014.10.11"]
[EventType "tourn"]
[EventRounds "9"]
[EventCountry "NED"]
[EventCategory "10"]
[SourceTitle "EXT 2015"]
[Source "ChessBase"]
[SourceDate "2014.11.20"]
[SourceVersion "1"]
[SourceVersionDate "2014.11.20"]
[SourceQuality "1"]

1. e4 c5 2. c3 Nf6 3. e5 Nd5 4. Nf3 Nc6 5. Bc4 Nb6 6. Bb3 c4 7. Bc2 Qc7 8. 0-0 Nxe5 9. Nxe5 Qxe5 10. Re1 Qc7 11. d4 d6 12. Qh5 g6 13. Qh4 e6 14. Nd2 Qd8 15. Qg3 Be7 16. Nf3 Bd7 17. h4 Bc6 18. Ng5 Bd5 19. b3 Qd7 20. Bf4 f6 21. Ne4 0-0-0 22. Rab1 g5 23. hxg5 fxg5 24. Be3 Bxe4 25. Bxe4 d5 26. Bc2 h5 27. Bxg5 Rdg8 28. f4 h4 29. Qh3 Bxg5 30. fxg5 Rxg5 31. bxc4 Rhg8 32. Kh1 Rxg2 33. c5 Nc4 34. c6 bxc6 35. Rxe6 Kc7 36. Ba4 R2g3 37. Qf5 Nd6 38. Qe5 Rh3+ 0-1